|
|
|
|
| LEADER |
01619nam a2200361 4500 |
| 001 |
133 |
| 003 |
BD-DhAAL |
| 005 |
20241021141606.0 |
| 008 |
150126s1988 ii a b 001 0 eng |
| 010 |
|
|
|a 88006594
|
| 020 |
|
|
|a 8170360919 (India-hbk.)
|
| 020 |
|
|
|a 8170360927 (India-pbk.)
|
| 020 |
|
|
|a 0803995601 (U.S.)
|
| 020 |
|
|
|a 080399561X (U.S. : pbk.)
|
| 040 |
|
|
|a DLC
|c DLC
|d DLC
|d BD-DhAAL
|
| 050 |
0 |
0 |
|a JS7005
|b .C48 1988
|
| 082 |
0 |
0 |
|a 352.054
|
| 100 |
1 |
|
|a Chaturvedi, Anil,
|d 1948-
|9 7463
|
| 245 |
1 |
0 |
|a District administration :
|b the dynamics of discord /
|c Anil Chaturvedi.
|
| 260 |
|
|
|a New Delhi ;
|a Newbury Park, Calif. :
|b Sage Publications,
|c 1988.
|
| 300 |
|
|
|a 185 pages :
|b illustrations ;
|c 23 cm
|
| 500 |
|
|
|a First published in 1988.
|
| 504 |
|
|
|a Includes bibliographical references (pages [169]-181) and index.
|
| 541 |
|
|
|e 133, 43588
|a Savar Campus Library
|
| 650 |
|
0 |
|a Local government
|z India.
|9 7464
|
| 650 |
|
0 |
|a Central-local government relations
|z India.
|9 7465
|
| 650 |
|
0 |
|a Organizational change.
|9 6756
|
| 852 |
|
|
|a Ayesha Abed Library
|c General Stacks
|
| 942 |
|
|
|2 ddc
|c BK
|
| 999 |
|
|
|c 33506
|d 33506
|
| 952 |
|
|
|0 0
|1 0
|2 ddc
|4 0
|6 352_054000000000000_CHA
|7 0
|9 50335
|a SCL
|b SCL
|c GEN
|d 2015-01-26
|l 0
|o 352.054 CHA
|p 3020000134
|r 2015-01-26
|t 1
|w 2015-01-26
|y BK
|
| 952 |
|
|
|0 0
|1 0
|2 ddc
|4 0
|6 352_054000000000000_CHA
|7 0
|9 56160
|a SCL
|b SCL
|c GEN
|d 2015-10-07
|l 0
|o 352.054 CHA
|p 3020000133
|r 2015-10-07
|t 2
|w 2015-10-07
|y BK
|
| 952 |
|
|
|0 0
|1 0
|2 ddc
|4 0
|6 352_054000000000000_CHA
|7 0
|9 76711
|a SCL
|b SCL
|c GEN
|d 2024-10-21
|e Savar Campus Library
|l 0
|o 352.054 CHA
|p 3020043588
|r 2024-10-21
|t 3
|w 2024-10-21
|y BK
|x Savar Campus Library
|